000 00789nam a2200253 a 4500
001 BRCA_4063
005 20190320204531.0
008 160210s1925----mx-a######---#000-0#eng-#
041 _aeng
044 _amx
050 4 _aF1234
_b.M49 1925
245 1 0 _aMexico on trial before the world, guilty?
260 _aMéxico
_bs. e.
_c1925
300 _a55 p.
_bil
_c23 cm
500 _aC137
600 1 4 _aKellogg, Frank Billings
_d1856-1937
_910537
600 1 4 _aElias Calles, Plutarco
_d1877-1945
_910538
651 4 _aMéxico
_xHistoria
_y1910-1946
_94779
651 4 _aMéxico
_xPolitica y gobierno
_y1910-1946
_99549
651 4 _aMéxico
_xRelaciones exteriores
_zEstados Unidos
_910034
651 4 _aEstados Unidos
_xRelaciones exteriores
_zMéxico
_910035
902 _aGFM
942 _2lcc
_cB
999 _c3787
_d3787